Zborník zo XVII. medzinárodnej vedeckej konferencie Katedier mechaniky tekutín a termomechaniky : Konf. Herľany, , jún 1998 : Usp. VSŽ, holding, divízny závod ENERGETIKA

Salvato in:
Dettagli Bibliografici
Natura: Libro
Lingua:slovacco
Pubblicazione: Košice : Štoffek, 1998
Tags: Aggiungi Tag
Nessun Tag, puoi essere il primo ad aggiungerne!!

MARC

LEADER 00000nam a22000003a 4500
001 stu33192
005 20150408162329.1
008 980707s1998----xo------------------slo-d
020 |a 820-88896-19- 
040 |a STU  |b slo 
041 0 |a slo 
044 |a xo 
245 |a Zborník zo XVII. medzinárodnej vedeckej konferencie Katedier mechaniky tekutín a termomechaniky :  |b Konf. Herľany, , jún 1998 : Usp. VSŽ, holding, divízny závod ENERGETIKA 
260 |a Košice :  |b Štoffek,  |c 1998 
300 |a 256 s 
996 |b J47070  |c J*47070  |l JJK11  |s P  |a 0  |w stu33192_0001